| 000 | 01122nam a22002657a 4500 | ||
|---|---|---|---|
| 005 | 20240530110455.0 | ||
| 008 | 150601s2012 ua adk g 000 0 ara d | ||
| 017 |
_a2010/16200 _bمصر . دار الكتب المصرية |
||
| 020 | _a9789773373614 | ||
| 040 | _aEG-CaGPL | ||
| 082 | 0 | 4 |
_221 _a658.312404\ _bخ إ |
| 245 | 0 | 0 |
_aادارة ورش العمل / _cاعداد المادة العلمية خبراء مركز الخبرات المهنية للادارة بميك ؛ المستشار العلمى عبدالرحمن توفيق |
| 260 |
_aالقاهرة : _bببميك ، _c2012 . |
||
| 300 |
_a67 ص : _bايض ؛ _c32 سم . |
||
| 490 |
_aسلسلة اصدارات بميك ؛ _v253 |
||
| 650 | 0 | 4 |
_aالتدريب _xتنظيم و ادارة |
| 650 | 0 | 4 | _aادارة الافراد |
| 650 | 0 | 4 | _aتقييم الوظائف |
| 650 | 0 | 4 | _aدارسة الوقت و الحركة |
| 650 | 0 | 4 |
_aورش العمل _xتنظيم و ادارة |
| 700 | 0 |
_aعبدالرحمن توفيق _eمستشار علمى |
|
| 710 | 0 |
_aبميك _eمعد |
|
| 942 |
_2ddc _cBK |
||
| 999 |
_c61342 _d61342 |
||